[Event "Rio Verde Goiano op"]
[Site "Rio Verde"]
[Date "2023.12.03"]
[Round "5"]
[White "Santos, Luciano da Silva"]
[Black "De Oliveira, Daniel C Xavier"]
[Result "1-0"]
[WhiteElo "1848"]
[BlackElo "1473"]
[PlyCount "55"]
[EventDate "2023.12.01"]
[EventType "swiss"]
[EventRounds "6"]
[EventCountry "BRA"]
[SourceTitle "CB50_2023"]
[SourceDate "2023.12.13"]
[SourceVersion "1"]
[SourceVersionDate "2023.12.13"]
[SourceQuality "1"]

1. e4 e6 2. d4 d5 3. Nd2 dxe4 4. Nxe4 Nd7 5. Nf3 Ngf6 6. Bd3 Nxe4 7. Bxe4 Nf6 8. Bd3 b6 9. 0-0 Be7 10. Ne5 0-0 11. Nc6 Qe8 12. Nxe7+ Qxe7 13. Qf3 Bd7 14. Bg5 h6 15. Bh4 g5 16. Bg3 Rac8 17. h4 Ne8 18. Qh5 Qf6 19. Be5 Ng7 20. Bxf6 Nxh5 21. hxg5 hxg5 22. Bxg5 f6 23. Bd2 Ng7 24. Rfe1 c5 25. dxc5 bxc5 26. Bc4 Kf7 27. Rad1 Rce8 28. Be3 1-0

[Event "Sao Jose dos Campos op"]
[Site "Sao Jose dos Campos"]
[Date "2022.09.09"]
[Round "3"]
[White "De Oliveira, Daniel C Xavier"]
[Black "Chaves, Joara"]
[Result "0-1"]
[WhiteElo "1527"]
[BlackElo "1901"]
[PlyCount "80"]
[EventDate "2022.09.08"]
[EventType "swiss"]
[EventRounds "7"]
[EventCountry "BRA"]
[SourceTitle "CBM 210 Extra"]
[Source "ChessBase"]
[SourceDate "2022.11.30"]
[SourceVersion "1"]
[SourceVersionDate "2022.11.30"]
[SourceQuality "1"]

1. e4 e5 2. d4 exd4 3. Nf3 Nc6 4. Nxd4 Bc5 5. Be3 Qf6 6. c3 Nge7 7. Bc4 Ne5 8. Be2 Qg6 9. 0-0 d5 10. Bh5 Qxe4 11. Nd2 Qd3 12. Be2 Qg6 13. Bh5 Qf6 14. N2b3 Bb6 15. Nb5 0-0 16. Bxb6 Qxb6 17. N5d4 c5 18. Nf3 Nxf3+ 19. Qxf3 Be6 20. Qe2 Rac8 21. Nc1 d4 22. cxd4 cxd4 23. Qd2 Rfd8 24. Bd1 Bd5 25. Nd3 Ng6 26. h3 Rd6 27. Qb4 Bc4 28. Qxb6 Rxb6 29. Be2 Bxd3 30. Bxd3 Rxb2 31. Rfb1 Rxb1+ 32. Rxb1 b6 33. Rb4 Rd8 34. g3 Ne5 35. Rb3 Kf8 36. f4 Nd7 37. Ra3 a5 38. Kf2 Nc5 39. Ke2 Re8+ 40. Kd2 Re3 0-1

[Event "Sao Paulo Hebraica op 27th"]
[Site "Sao Paulo"]
[Date "2020.01.10"]
[Round "1"]
[White "Da Silva Junior, Sediney Mari"]
[Black "De Oliveira, Daniel C Xavier"]
[Result "1-0"]
[WhiteElo "2023"]
[BlackElo "1552"]
[PlyCount "27"]
[EventDate "2020.01.10"]
[EventType "swiss"]
[EventRounds "6"]
[EventCountry "BRA"]
[SourceTitle "CBM 194 Extra"]
[Source "ChessBase"]
[SourceDate "2020.03.31"]
[SourceVersion "1"]
[SourceVersionDate "2020.03.31"]
[SourceQuality "1"]

1. e4 e6 2. Nf3 d5 3. e5 c5 4. b4 cxb4 5. a3 Nc6 6. axb4 Bxb4 7. c3 Be7 8. d4 Qc7 9. Bf4 Bd8 10. Na3 a6 11. Nb5 Qe7 12. Nd6+ Kf8 13. Bc1 Nh6 14. Nxc8 1-0

[Event "Sao Paulo STD Gansl op"]
[Site "Sao Paulo"]
[Date "2019.05.25"]
[Round "3"]
[White "De Oliveira, Daniel C Xavier"]
[Black "Da Conceicao, Daniel Firmino"]
[Result "0-1"]
[WhiteElo "1543"]
[BlackElo "1762"]
[PlyCount "30"]
[EventDate "2019.05.24"]
[EventType "swiss"]
[EventRounds "6"]
[EventCountry "BRA"]
[SourceTitle "CBM 190 Extra"]
[Source "ChessBase"]
[SourceDate "2019.07.15"]
[SourceVersion "1"]
[SourceVersionDate "2019.07.15"]
[SourceQuality "1"]

1. e4 e5 2. d4 exd4 3. Nf3 Nc6 4. Nxd4 Nf6 5. Nxc6 bxc6 6. e5 Qe7 7. Qe2 Nd5 8. c4 Ba6 9. b3 g6 10. Ba3 Qh4 11. Qd3 Nb4 12. Bxb4 Bxb4+ 13. Nc3 0-0-0 14. 0-0-0 Qxf2 15. g3 Ba3+ 0-1

[Event "Sao Paulo STD Gansl op"]
[Site "Sao Paulo"]
[Date "2019.05.25"]
[Round "4"]
[White "De Oliveira, Daniel C Xavier"]
[Black "Okuda, Paulo Alexandre Yuj"]
[Result "0-1"]
[WhiteElo "1543"]
[BlackElo "1706"]
[PlyCount "66"]
[EventDate "2019.05.24"]
[EventType "swiss"]
[EventRounds "6"]
[EventCountry "BRA"]
[SourceTitle "CBM 190 Extra"]
[Source "ChessBase"]
[SourceDate "2019.07.15"]
[SourceVersion "1"]
[SourceVersionDate "2019.07.15"]
[SourceQuality "1"]

1. c4 e5 2. g3 Nc6 3. Bg2 f5 4. Nc3 Nf6 5. d3 Bc5 6. Rb1 0-0 7. Nf3 d6 8. 0-0 Qe8 9. a3 Qh5 10. b4 Bb6 11. Qb3 Kh8 12. h3 f4 13. Ne4 Bxh3 14. c5 Ng4 15. Bxh3 Qxh3 16. Neg5 Qh5 17. Kg2 Nd4 18. Qc4 Nxf3 19. Nxf3 dxc5 20. Rh1 Qf5 21. bxc5 Ba5 22. gxf4 b6 23. Ng5 h6 24. f3 exf4 25. Rh4 Ne5 26. Qe4 Qxg5+ 27. Rg4 Nxg4 28. Bxf4 Qxf4 29. Qxf4 Rxf4 30. fxg4 Rxg4+ 31. Kf3 Rg5 32. cxb6 cxb6 33. e4 Rd8 0-1

[Event "Paulista-ch"]
[Site "Sao Paulo"]
[Date "2018.11.11"]
[Round "5"]
[White "Funayama S A, Yuri"]
[Black "De Oliveira, Daniel C Xavier"]
[Result "0-1"]
[WhiteElo "1671"]
[BlackElo "1528"]
[PlyCount "94"]
[EventDate "2018.11.09"]
[EventType "swiss"]
[EventRounds "6"]
[EventCountry "BRA"]
[SourceTitle "CBM 187 Extra"]
[Source "ChessBase"]
[SourceDate "2018.11.04"]
[SourceVersion "1"]
[SourceVersionDate "2018.11.04"]
[SourceQuality "1"]

1. d4 Nf6 2. c4 g6 3. Nc3 Bg7 4. e4 d6 5. Be2 0-0 6. Bg5 Nbd7 7. Qd2 b6 8. h4 e5 9. d5 Nc5 10. f3 Qe8 11. Nh3 Nh5 12. g4 Ng3 13. Rg1 Nxe2 14. Kxe2 Ba6 15. b3 b5 16. b4 Nb7 17. a4 bxc4 18. b5 Nc5 19. bxa6 Nb3 20. Qa2 Qc8 21. Rab1 Qxa6 22. Nb5 Qc8 23. Be7 Re8 24. Bxd6 cxd6 25. Nxd6 Qa6 26. Nxe8 Rxe8 27. Kf2 Bf8 28. Kg3 Rb8 29. Rgd1 Bd6 30. Nf2 Rb4 31. Nd3 Rxa4 32. Qf2 Nd4 33. Ne1 Ra3 34. Rbc1 Bc5 35. Qb2 Rb3 36. Qa1 Ne2+ 37. Kg2 Ra3 38. Qxe5 Bd6 39. Qe8+ Kg7 40. Rc2 Nf4+ 41. Kh1 Ra1 42. Rdc1 Rxc1 43. Rxc1 Qa2 44. Qd7 Qf2 45. Qd8 Qf1+ 46. Kh2 Qh3+ 47. Kg1 Bc5# 0-1

[Event "Sao Paulo Karman Cup 13th"]
[Site "Sao Paulo"]
[Date "2017.11.25"]
[Round "4"]
[White "De Oliveira, Daniel C Xavier"]
[Black "Borger, Daniel"]
[Result "1-0"]
[WhiteElo "1663"]
[BlackElo "1684"]
[PlyCount "63"]
[EventDate "2017.11.24"]
[EventType "swiss"]
[EventRounds "6"]
[EventCountry "BRA"]
[SourceTitle "CBM 181 Extra"]
[Source "ChessBase"]
[SourceDate "2017.12.12"]
[SourceVersion "1"]
[SourceVersionDate "2017.12.12"]
[SourceQuality "1"]

1. c4 e5 2. g3 g6 3. Bg2 Bg7 4. Nc3 Nc6 5. Nf3 d6 6. Rb1 Be6 7. d3 a5 8. 0-0 h6 9. a3 Qd7 10. b4 axb4 11. axb4 Bh3 12. b5 Nd8 13. Bxh3 Qxh3 14. Nd5 Ne6 15. b6 cxb6 16. Rxb6 Nf6 17. Qb3 Nd4 18. Nxf6+ Bxf6 19. Nxd4 exd4 20. Qb5+ Kf8 21. Rxd6 Kg7 22. Qxb7 Ra1 23. Rd7 Rf8 24. Bxh6+ Qxh6 25. Rxa1 Qh5 26. Ra7 g5 27. Qe4 g4 28. c5 Qxc5 29. Qxg4+ Kh6 30. Rxf7 Qc1+ 31. Kg2 Rh8 32. Rxf6# 1-0